Normal view
MARC view
- Becerril Albarrán, Josefina Paz
Entry Nombre Personal
001 - NUMERO DE CONTROL
- campo de control: 44840
003 - IDENTIFICADOR DE NUMERO DE CONTROL
- campo de control: DLC
005 - FECHA Y HORA DE LA ÜLTIMA TRANSACCIÓN
- campo de control: 20220613151225.0
008 - DATOS DE LONGITUD FIJA
- campo de control de longitud fija: 120802n| azannaabn |a aaa d
010 ## - NÚMERO DE CONTROL DE LA BIBLIOTECA DEL CONGRESO
- Número de control LC: no2012104161
035 ## - NUMERO DE CONTROL
- Número de control: (OCoLC)oca09266722
040 ## - FUENTE DE CATALOGACIÓN
- Agencia original de catalogación: MXMxUNAM
- Lenguaje de catalogación: spa
- Agencia de transcripción: MX-MxUI
- Agencia que lo modifica: MX-MxUPN
100 1# - ENCABEZAMIENTO - NOMBRE PERSONAL
- Nombre personal: Becerril Albarrán, Josefina Paz
400 1# - VEÁSE - NOMBRE DE PERSONA
- Personal name: Becerril Albarrán, Josefina
670 ## - FUENTE EN LA QUE SE LOCALIZARON DATOS
- Cita de la fuente: Curso de química, 1992:
- Información localizada: portada (Josefina Paz Becerril Albarrán)
670 ## - FUENTE EN LA QUE SE LOCALIZARON DATOS
- Cita de la fuente: DGB/UNAM, Jan. 10, 2012:
- Información localizada: electronic catalog (hdg.: Becerril Albarran, Josefina Paz; Master Thesis (Environmental Engineering) UNAM, Facultad de Ingeniería)
670 ## - FUENTE EN LA QUE SE LOCALIZARON DATOS
- Cita de la fuente: Introducción a la Física y a la Química: primer grado de secundaria, 1999:
- Información localizada: portada (Josefina Becerril Albarrán)
902 ## - CATALOGADOR
- Catalogador: VRC/130622
